| 000 | 00423pab a2200169 454500 | ||
|---|---|---|---|
| 008 | 180718b2008 xxu||||| |||| 00| 0 eng d | ||
| 100 | _aKillian, Mitchell | ||
| 245 | _aDo abortion attitudes lead to party switching? | ||
| 260 | _c2008 | ||
| 300 | _ap.561-73. | ||
| 362 | _aDec | ||
| 650 | _aPolitical parties | ||
| 700 | _aWilcox, Clyde | ||
| 773 | _aPolice Research and Development | ||
| 908 | _aN | ||
| 909 | _a81195 | ||
| 999 |
_c81195 _d81195 |
||